| 000 | 00381nam a22001577a 4500 | ||
|---|---|---|---|
| 005 | 20170916120059.0 | ||
| 008 | 170916b xxu||||| |||| 00| 0 eng d | ||
| 020 | _a81-318-0097-0 | ||
| 041 | _aeng | ||
| 082 | _a604.2 | ||
| 100 |
_aSIVAPRAKASAM, DR. VEDAVALLI _93931 |
||
| 245 | _aENGINEERING CHEMISTRY | ||
| 260 |
_aBANGALORE _bLAXMI PUBLICATION |
||
| 300 | _a153p. | ||
| 942 | _cBK | ||
| 999 |
_c5575 _d5573 |
||